000 00478nam a2200157Ia 4500
008 240126s9999 xx 000 0 und d
022 _a0975-0290
041 _aEnglish
082 _aLIBRARY-XVII
245 0 _aInternational Journal of Advanced Networking and Applications (IJANA) (2011 -
260 _bEswar Publication
_aTamil Nadu, India
440 _aNULL
650 _aAdvanced,Networking,(IJANA),(2011,-,Computer Science
650 _aComputer Science
942 _cJN
999 _c272538
_d272538